Метрологический справочник (Запись № 1756434)

Подробности
000 -МАРКЕР
контрольное поле 01805nam0a2200337 4500
001 - ИДЕНТИФИКАТОР ЗАПИСИ
контрольное поле RU\NLR\bibl\1211104
005 - ИДЕНТИФИКАТОР ВЕРСИИ
контрольное поле 20260407162323.0
010 ## - МЕЖДУНАРОДНЫЙ СТАНДАРТНЫЙ НОМЕР КНИГИ (ISBN)
Номер (ISBN) 978-5901-562-69-7
Тираж 1000
021 ## - НОМЕР ГОСУДАРСТВЕННОЙ РЕГИСТРАЦИИ
Код страны российская федерация
Номер 2008-10720
Номер Листа государственной регистраци 591
035 ## - ДРУГИЕ СИСТЕМНЫЕ НОМЕРА
Идентификатор записи (NLR Aleph) 001197529
100 ## - ДАННЫЕ ОБЩЕЙ ОБРАБОТКИ
Данные общей обработки 20080404d2007 |||y0rusy50 ca
101 0# - ЯЗЫК РЕСУРСА
Язык текста, звукозаписи и т.д. русский
102 ## - СТРАНА ПУБЛИКАЦИИ ИЛИ ПРОИЗВОДСТВА
Страна публикации российская федерация
105 ## - ПОЛЕ КОДИРОВАННЫХ ДАННЫХ: ТЕКСТОВЫЕ МАТЕРИАЛЫ, МОНОГРАФИЧЕСКИЕ
Кодированные данные о монографическом текстовом документе a |||||||||
200 1# - ЗАГЛАВИЕ И СВЕДЕНИЯ ОБ ОТВЕТСТВЕННОСТИ
Основное заглавие Метрологический справочник
Сведения, относящиеся к заглавию (для адвокатов и судебных экспертов)
Первые сведения об ответственности С.-Петерб. центр Всемир. науч. ассоц., Междунар. НИИ взрывологии (МНИИВЗ ВНА)
Последующие сведения об ответственности [Гальцев Юрий Викторович и др.
-- под ред. Рябинина Г.А.]
210 ## - ПУБЛИКАЦИЯ, РАСПРОСТРАНЕНИЕ И ДР.
Место издания, распространения и т.д. Санкт-Петербург
Имя издателя, распространителя и т. д. ДНК
Дата издания, распространения и т.д. 2007
215 ## - ФИЗИЧЕСКАЯ ХАРАКТЕРИСТИКА
Специфическое обозначение материала и объем 320, [8] с.
Другие сведения о физической характеристике ил.
Размеры 21
300 ## - ОБЩИЕ ПРИМЕЧАНИЯ
Текст примечания На обл. подзаг.: Для судебных экспертов и адвокатов
313 ## - ПРИМЕЧАНИЯ, ОТНОСЯЩИЕСЯ К ТЕМАТИЧЕСКОМУ ДОСТУПУ
Текст примечания соцэк ознакомлен
320 ## - ПРИМЕЧАНИЯ О НАЛИЧИИ В ДОКУМЕНТЕ БИБЛИОГРАФИИ / УКАЗАТЕЛЯ
Текст примечания Библиогр.: с. 318-320 (63 назв.)
606 1# - НАИМЕНОВАНИЕ ТЕМЫ КАК ПРЕДМЕТ
Наименование темы Метрология
Формальный подзаголовок Справочники
Системный номер авторитетной/нормативной записи 887859
Идентификатор авторитетной/нормативной записи RU\NLR\auth\66298
686 ## - ИНДЕКСЫ ДРУГИХ КЛАССИФИКАЦИЙ
Индекс Ж10я22
702 #1 - ИМЯ ЛИЦА - ВТОРИЧНАЯ ОТВЕТСТВЕННОСТЬ
Код отношения Составитель
Материалы, к которым относится поле rus
Графика поля Кириллица
Начальный элемент ввода Гальцев
Часть имени, кроме начального элемента ввода Ю. В.
Дополнения к именам, кроме дат д-р естеств. наук, канд. мед. наук
Даты 1939-
Расширение инициалов личного имени Юрий Викторович
Идентификатор авторитетной/нормативной записи RU\NLR\AUTH\7777976
Системный номер авторитетной/нормативной записи 60904
702 #1 - ИМЯ ЛИЦА - ВТОРИЧНАЯ ОТВЕТСТВЕННОСТЬ
Код отношения Редактор
Материалы, к которым относится поле rus
Графика поля Кириллица
Начальный элемент ввода Рябинин
Часть имени, кроме начального элемента ввода Г. А.
Даты 1953-
Расширение инициалов личного имени Георгий Александрович
Идентификатор авторитетной/нормативной записи RU\NLR\auth\7754597
Системный номер авторитетной/нормативной записи 37529
712 02 - НАИМЕНОВАНИЕ ОРГАНИЗАЦИИ - ВТОРИЧНАЯ ОТВЕТСТВЕННОСТЬ
Код отношения Прочие
Начальный элемент ввода Всемирная научная ассоциация
Структурное подразделение Санкт-Петербургский центр
Идентификатор авторитетной/нормативной записи RU\NLR\AUTH\8810100669
Системный номер авторитетной/нормативной записи 702359
801 #0 - ИСТОЧНИК ЗАПИСИ
Страна российская федерация
Организация NLR
Дата составления 20080404
Правила каталогизации RCR
801 #1 - ИСТОЧНИК ЗАПИСИ
Страна российская федерация
Организация NLR
Дата составления 20080404
942 ## - ДОПОЛНИТЕЛЬНЫЕ ЭЛЕМЕНТЫ ЗАПИСИ (АБИС)
Тип экземпляра АБИС Книга
980 ## - КОЛЛЕКЦИЯ
Название коллекции Национальная библиография
Экземпляры
Тип экземпляра Дата поступления Источник поступления Библиотека постоянного хранения Библиотека текущего хранения Место хранения Шифр хранения Штрих-код Статус не для выдачи Стоимость
Книга 04.04.2008 Обязательный экземпляр РНБ (Московский) РНБ (Московский) Русский книжный фонд: издания с 1957 года, 9этаж 2008-3/9943 2645445    
Книга 04.04.2008 Обязательный экземпляр РНБ (Московский) РНБ (Московский) Русский книжный фонд: издания с 1957 года, 9этаж 2008-3/9943 2645446    
Книга 16.07.2008 Покупка РНБ (Садовая) РНБ (Садовая) Универсальный читальный зал У Ж10/М-546 1-285763   360.00